000 01415nam a22002057a 4500
008 120918t xxu||||| |||| 00| 0 eng d
020 _a1556155077
050 _aQA76.9.D3 V55
100 _aViescas, John L.
245 _aRunning Microsoft Access. /
_cJohn L. Viescas
250 _aAuthorised ed.
260 _aRedmond, Washington:
_bMicrosoft Press,
_c1993.
300 _axvii, 522 p:
_c24cm.
500 _aIncludes index.
505 _aContents: Understanding Microsoft Access: Microsoft access is a database and more -- The Uses of microsoft access -- Touring Microsoft Access -- Building a database: Designing your database -- Building your database in Microsoft Access -- Modifying your database design -- Working with data: Using datasheets -- Adding power with select queries -- Modifying data with action queries -- Importing, attaching, and exporting data -- Using forms: Form basics -- Building a form -- Customizing forms -- Advanced form design -- Building reports: Report basics -- Constructing a report -- Advanced report design -- Creating an application: Adding power with macros -- Designing the prompt computer solutions application -- Appendix A: Installing Microsoft Access -- Appendix B: Sample database schemas -- Appendix C: The Database analyzer.
650 _aDatabase management.
650 _aMicrosoft Access.
650 _aDatabases
_x Management
_xSoftware
942 _2lcc
_cBK
999 _c2349
_d9849